000 00871cam a22002413a 4500
001 27327
003 PGUSA
005 20140828083606.0
008 081125s2008||||xxu|||||s|||||000 | eng d
040 _aPGUSA
_beng
042 _adc
050 4 _aS
100 1 _aSchlebecker, John T.
245 1 0 _aAgricultural Implements and Machines in the Collection of the National Museum of History and Technology :
_bSmithsonian Studies in History and Technology, No. 17
_h[electronic resource] /
_cJohn T. Schlebecker
260 _bProject Gutenberg,
_c2008
506 _aPublic domain in the USA.
516 _aElectronic text
653 _aAgricultural implements -- United States -- Exhibitions
653 _aAgricultural machinery -- United States -- Exhibitions
830 0 _aProject Gutenberg
_v27327
856 4 0 _uhttp://www.gutenberg.org/ebooks/27327
942 _cEB
999 _c256582
_d256582